[Event "4NCL/Div3/CAMB1 vs. PPA2"]
[Site "Telford ENG"]
[Date "2005.04.16"]
[Round "7.8"]
[White "Sirisena, Chantal"]
[Black "Powell, Annie"]
[Result "1/2-1/2"]
[WhiteElo "1927"]
[BlackElo "2026"]
[PlyCount "102"]
[EventDate "2005.04.16"]
[EventType "team"]
[EventRounds "11"]
[EventCountry "ENG"]
[SourceDate "2004.09.21"]

1. e4 c5 2. Nc3 Nc6 3. g3 g6 4. d3 Bg7 5. Bg2 d6 6. Be3 e6 7. Qd2 Rb8 8. Nge2
b5 9. d4 b4 10. Nd1 cxd4 11. Nxd4 Nge7 12. Nxc6 Nxc6 13. Bh6 O-O 14. Bxg7 Kxg7
15. Ne3 e5 16. Rd1 Qb6 17. Nc4 Qc5 18. Qd5 Be6 19. Qxc5 dxc5 20. Rd6 Rbc8 21.
Ne3 Rfd8 22. Rxd8 Rxd8 23. O-O Rd2 24. Rc1 Nd4 25. Kf1 Nb5 26. Ke1 Rd4 27. Bf1
a6 28. f3 Kf8 29. c3 {=} bxc3 30. bxc3 Ra4 31. Bxb5 axb5 32. Rb1 Ra5 33. Rb2
Bxa2 34. Ng4 Bc4 35. Nxe5 Ra1+ 36. Kd2 Ra4 37. Nd7+ Ke7 38. Nxc5 Ra8 39. Ke3
Ra3 40. Kd4 Ra1 {=} 41. Nb3 Ra8 42. Nd2 Rd8+ 43. Kc5 Rc8+ 44. Kb4 Bd3 45. Nb1
Ra8 46. Na3 Ra4+ 47. Kb3 Ke6 48. Rd2 Bf1 49. Kb2 b4 50. cxb4 Rxb4+ 51. Kc3 Ra4
1/2-1/2

[Event "4NCL/Div3/GUI3 vs. 3CS2"]
[Site "Telford ENG"]
[Date "2005.04.16"]
[Round "7.1"]
[White "Abayasekera, Roger"]
[Black "Adams, Phil"]
[Result "1/2-1/2"]
[WhiteElo "2210"]
[BlackElo "2120"]
[PlyCount "44"]
[EventDate "2005.04.16"]
[EventType "team"]
[EventRounds "11"]
[EventCountry "ENG"]
[SourceDate "2004.09.21"]

1. Nf3 g6 2. e4 c5 3. d4 cxd4 4. Nxd4 Nf6 5. Nc3 d6 6. Be3 Bg7 7. f3 Nc6 8. Qd2
O-O 9. O-O-O d5 10. Nxc6 bxc6 11. e5 Nd7 12. f4 e6 13. g3 f6 14. exf6 Qxf6 15.
Bd4 Qxd4 16. Qxd4 Bxd4 17. Rxd4 e5 18. fxe5 Nxe5 19. Bg2 Rf2 20. Rd2 Rxd2 21.
Kxd2 Nc4+ 22. Kc1 Ne3 1/2-1/2

[Event "4NCL/Div3/GUI3 vs. 3CS2"]
[Site "Telford ENG"]
[Date "2005.04.16"]
[Round "7.2"]
[White "Firth, Malcolm"]
[Black "Anderton, Matthew N"]
[Result "1-0"]
[WhiteElo "2130"]
[BlackElo "2212"]
[PlyCount "47"]
[EventDate "2005.04.16"]
[EventType "team"]
[EventRounds "11"]
[EventCountry "ENG"]
[SourceDate "2004.09.21"]

1. d4 Nf6 2. c4 e6 3. Nc3 Bb4 4. e3 O-O 5. Nge2 Re8 6. a3 Bf8 7. g3 d5 8. Bg2
Nc6 9. cxd5 exd5 10. Nf4 Bg4 11. Qa4 Ne7 12. Qb3 c5 13. O-O a6 14. Qxb7 Rb8 15.
Qxa6 c4 16. Qa4 Rb3 17. Nfxd5 Nfxd5 18. Nxd5 Qc8 19. Nc3 Bd7 20. Qa5 Nc6 21.
Qh5 Bg4 22. Qd5 Ne7 23. Qa5 Nf5 24. h3 1-0

[Event "4NCL/Div3/GUI3 vs. 3CS2"]
[Site "Telford ENG"]
[Date "2005.04.16"]
[Round "7.3"]
[White "Allinson, Julian"]
[Black "Burton, Graham P"]
[Result "1-0"]
[WhiteElo "2107"]
[BlackElo "2110"]
[PlyCount "93"]
[EventDate "2005.04.16"]
[EventType "team"]
[EventRounds "11"]
[EventCountry "ENG"]
[SourceDate "2004.09.21"]

1. d4 Nf6 2. Nf3 c5 3. d5 e6 4. c4 exd5 5. cxd5 d6 6. Nc3 g6 7. e4 Bg7 8. h3
O-O 9. Bd3 Nbd7 10. O-O Nh5 11. Bg5 Bf6 12. Bh6 Re8 13. Qd2 Ne5 14. Nxe5 Bxe5
15. Rae1 a6 16. f4 Bd4+ 17. Kh2 Qh4 18. Ne2 Nf6 19. Nxd4 Qxh6 20. Nf3 Bd7 21.
a3 Bb5 22. e5 dxe5 23. Bxb5 axb5 24. fxe5 Qxd2 25. Nxd2 Nxd5 26. Ne4 Kg7 27.
Nxc5 Rac8 28. Nxb7 Rc2 29. Nd6 Re7 30. b4 Nb6 31. Nxb5 Nc4 32. Rc1 Rxc1 33.
Rxc1 Nxe5 34. Rc3 Rb7 35. Nc7 Nd7 36. Kg3 Nf6 37. Kf3 h5 38. b5 g5 39. a4 g4+
40. hxg4 hxg4+ 41. Ke2 Ne4 42. Rc4 f5 43. Ke3 Nf6 44. Kd4 Nd7 45. a5 f4 46. a6
Ra7 47. Ne6+ 1-0

[Event "4NCL/Div3/GUI3 vs. 3CS2"]
[Site "Telford ENG"]
[Date "2005.04.16"]
[Round "7.4"]
[White "Plant, Paul"]
[Black "Punnett, Alan K"]
[Result "1-0"]
[WhiteElo "2123"]
[BlackElo "2120"]
[PlyCount "47"]
[EventDate "2005.04.16"]
[EventType "team"]
[EventRounds "11"]
[EventCountry "ENG"]
[SourceDate "2004.09.21"]

1. d4 Nf6 2. c4 e6 3. Nf3 Bb4+ 4. Bd2 a5 5. Nc3 O-O 6. g3 d5 7. b3 Re8 8. Bg2
Ne4 9. Qc2 Nxd2 10. Qxd2 dxc4 11. bxc4 a4 12. Rc1 Nc6 13. O-O Qf6 14. Rfd1 Qg6
15. Qf4 Bd6 16. Ne5 Nxe5 17. dxe5 Be7 18. Nb5 Bg5 19. Qd4 c5 20. Qd6 Ra6 21.
Qc7 Bxc1 22. Rd8 f5 23. Qxc8 Kf8 24. Nc7 1-0

[Event "4NCL/Div3/GUI3 vs. 3CS2"]
[Site "Telford ENG"]
[Date "2005.04.16"]
[Round "7.5"]
[White "Cullen, Anthony P"]
[Black "Hickman, Alexander"]
[Result "1-0"]
[WhiteElo "2125"]
[BlackElo "2099"]
[PlyCount "93"]
[EventDate "2005.04.16"]
[EventType "team"]
[EventRounds "11"]
[EventCountry "ENG"]
[SourceDate "2004.09.21"]

1. Nf3 Nf6 2. c4 c5 3. Nc3 b6 4. g3 Bb7 5. Bg2 e6 6. O-O d6 7. b3 Be7 8. Bb2
O-O 9. Re1 a6 10. e3 Nbd7 11. d4 cxd4 12. Qxd4 Qc7 13. Rad1 Rfe8 14. e4 Rad8
15. h3 Qb8 16. Qe3 Qa8 17. Nd2 Rc8 18. g4 Red8 19. Qg3 Ne5 20. Na4 Ned7 21. Bd4
b5 22. Nb6 Nxb6 23. Bxb6 Re8 24. g5 Nd7 25. Bd4 Qb8 26. h4 Ba8 27. h5 Qc7 28.
Bh3 Nf8 29. f4 bxc4 30. bxc4 Qa5 31. f5 Bd8 32. g6 fxg6 33. hxg6 hxg6 34. Nb3
Qc7 35. fxg6 Rb8 36. Rc1 e5 37. Bf2 Qe7 38. Bf5 Qg5 39. Qxg5 Bxg5 40. Rcd1 Be7
41. Kg2 Red8 42. Rh1 Bg5 43. Bh4 Bxh4 44. Rxh4 Nd7 45. Be6+ Kf8 46. Bxd7 Rxd7
47. Rh8+ 1-0

[Event "4NCL/Div3/GUI3 vs. 3CS2"]
[Site "Telford ENG"]
[Date "2005.04.16"]
[Round "7.6"]
[White "Wright, Jason"]
[Black "Jones, Christopher"]
[Result "0-1"]
[WhiteElo "2062"]
[BlackElo "2119"]
[PlyCount "54"]
[EventDate "2005.04.16"]
[EventType "team"]
[EventRounds "11"]
[EventCountry "ENG"]
[SourceDate "2004.09.21"]

1. e4 d6 2. d4 Nf6 3. Nc3 Nbd7 4. Be3 e5 5. Bc4 c6 6. Nf3 Be7 7. dxe5 dxe5 8.
h3 h6 9. O-O g5 10. Nh2 Qc7 11. Qf3 b5 12. Bb3 Rg8 13. Ng4 Rg6 14. h4 Nf8 15.
Nxh6 Rxh6 16. hxg5 Rg6 17. gxf6 Bg4 18. Qg3 Bxf6 19. f3 Be6 20. Qf2 Bh3 21. g4
Bxf1 22. Kxf1 Nd7 23. a4 b4 24. Ne2 a5 25. Rd1 Be7 26. Qh2 O-O-O 27. Bxf7 Rf6
0-1

[Event "4NCL/Div3/GUI3 vs. 3CS2"]
[Site "Telford ENG"]
[Date "2005.04.16"]
[Round "7.7"]
[White "Smart, Michael R"]
[Black "Lysons, John"]
[Result "1-0"]
[WhiteElo "2070"]
[BlackElo "1960"]
[PlyCount "57"]
[EventDate "2005.04.16"]
[EventType "team"]
[EventRounds "11"]
[EventCountry "ENG"]
[SourceDate "2004.09.21"]

1. e4 d5 2. exd5 Qxd5 3. Nc3 Qa5 4. d4 c6 5. Nf3 Nf6 6. Bc4 Bf5 7. Bd2 e6 8.
Qe2 Bb4 9. a3 Nbd7 10. O-O-O Bxc3 11. Bxc3 Qc7 12. Ne5 Ne4 13. Bd2 Ndf6 14. g4
Nxd2 15. Rxd2 Bg6 16. f3 O-O-O 17. h4 Nd5 18. Bxd5 exd5 19. h5 f6 20. hxg6 fxe5
21. gxh7 exd4 22. Qe6+ Qd7 23. Re2 Rdf8 24. Qg6 Rxf3 25. Rhe1 Rf7 26. Re6 Kc7
27. Qxf7 Qxf7 28. Re7+ Qxe7 29. Rxe7+ 1-0

[Event "4NCL/Div3/OXF1 vs. 3CS2"]
[Site "Telford ENG"]
[Date "2005.04.17"]
[Round "8.1"]
[White "Ozeren, Kemal"]
[Black "Adams, Phil"]
[Result "1/2-1/2"]
[WhiteElo "2292"]
[BlackElo "2120"]
[PlyCount "51"]
[EventDate "2005.04.17"]
[EventType "team"]
[EventRounds "11"]
[EventCountry "ENG"]
[SourceDate "2004.09.21"]

1. d4 Nf6 2. Nf3 e6 3. e3 b6 4. Bd3 Bb7 5. c4 c5 6. Nc3 Nc6 7. d5 exd5 8. cxd5
Nb4 9. Bc4 b5 10. Bxb5 Nbxd5 11. Nxd5 Bxd5 12. O-O Be7 13. Ne5 O-O 14. Nxd7 Qa5
15. Qa4 Qxa4 16. Bxa4 Nxd7 17. Bxd7 Rfd8 18. Ba4 Bc4 {=} 19. Rd1 Rxd1+ 20. Bxd1
Rd8 21. Bc2 Bd3 22. Ba4 Bf6 23. a3 Rb8 24. Ra2 Bb1 25. Ra1 Bd3 26. Ra2 1/2-1/2

[Event "4NCL/Div3/OXF1 vs. 3CS2"]
[Site "Telford ENG"]
[Date "2005.04.17"]
[Round "8.2"]
[White "Burton, Graham P"]
[Black "Savage, Ben D"]
[Result "1/2-1/2"]
[WhiteElo "2110"]
[BlackElo "2300"]
[PlyCount "84"]
[EventDate "2005.04.17"]
[EventType "team"]
[EventRounds "11"]
[EventCountry "ENG"]
[SourceDate "2004.09.21"]

1. e4 c5 2. Nf3 Nc6 3. Nc3 e5 4. g3 g6 5. Bg2 Bg7 6. d3 Nge7 7. O-O d6 8. Be3
O-O 9. Nh4 f5 10. exf5 Nxf5 11. Nxf5 Bxf5 12. Qd2 Qd7 13. f4 Rae8 14. Rae1 Bh3
15. Ne4 b6 16. Bxh3 Qxh3 17. Nxd6 Rd8 18. Ne4 c4 19. a3 cxd3 20. cxd3 Qd7 21.
Rd1 Nd4 22. Bxd4 Qxd4+ 23. Kh1 Bh6 24. Qf2 exf4 25. Qxd4 Rxd4 26. gxf4 Rfd8 27.
f5 gxf5 28. Rxf5 Be3 29. Rdf1 Rxd3 30. Nf6+ Kg7 31. Ng4 a5 32. Rf7+ Kg8 33. Re7
Bg5 34. Re5 h6 35. Nf6+ Bxf6 36. Rxf6 Rd1+ 37. Kg2 R8d2+ 38. Kh3 Rh1 39. Rxb6
Rhxh2+ 40. Kg3 Rhg2+ 41. Kh3 Rxb2 42. Rxa5 Rh2+ 1/2-1/2

[Event "4NCL/Div3/OXF1 vs. 3CS2"]
[Site "Telford ENG"]
[Date "2005.04.17"]
[Round "8.3"]
[White "Coleman, James"]
[Black "Hickman, Alexander"]
[Result "1/2-1/2"]
[WhiteElo "2225"]
[BlackElo "2099"]
[PlyCount "62"]
[EventDate "2005.04.17"]
[EventType "team"]
[EventRounds "11"]
[EventCountry "ENG"]
[SourceDate "2004.09.21"]

1. d4 e6 2. Nf3 Nf6 3. g3 b6 4. Bg2 Bb7 5. O-O c5 6. c4 cxd4 7. Nxd4 Bxg2 8.
Kxg2 a6 9. Nc3 Be7 10. e4 Qc7 11. Qe2 d6 12. Be3 O-O 13. Rac1 Qb7 14. f3 Nbd7
15. Rfd1 Rfe8 16. Qf2 Rac8 17. b3 Bf8 18. Nde2 b5 19. cxb5 axb5 20. a4 b4 21.
Nb5 d5 22. exd5 Nxd5 23. Nf4 Nxe3+ 24. Qxe3 e5 25. Nd5 Rxc1 26. Qxc1 Nc5 27.
Qg5 h6 28. Qg4 Kh8 29. Qc4 e4 30. fxe4 Rxe4 31. Rd4 Re3 1/2-1/2

[Event "4NCL/Div3/OXF1 vs. 3CS2"]
[Site "Telford ENG"]
[Date "2005.04.17"]
[Round "8.4"]
[White "Lysons, John"]
[Black "Milovanovic, Aleksander"]
[Result "0-1"]
[WhiteElo "1960"]
[BlackElo "2155"]
[PlyCount "48"]
[EventDate "2005.04.17"]
[EventType "team"]
[EventRounds "11"]
[EventCountry "ENG"]
[SourceDate "2004.09.21"]

1. Nf3 Nf6 2. c4 e6 3. g3 d5 4. Bg2 c5 5. d4 Nc6 6. cxd5 exd5 7. O-O Be7 8. Nc3
O-O 9. h3 Be6 10. Re1 Ne4 11. dxc5 Nxc3 12. bxc3 Bxc5 13. Nd4 Qd7 14. Kh2 Rac8
15. a4 Nxd4 16. cxd4 Bd6 17. Ba3 Bxa3 18. Rxa3 Rc4 19. e3 Rfc8 20. Ra1 Bf5 21.
Qb3 a6 22. a5 R8c6 23. Re2 Bxh3 24. Bxh3 Rh6 0-1

[Event "4NCL/Div3/OXF1 vs. 3CS2"]
[Site "Telford ENG"]
[Date "2005.04.17"]
[Round "8.5"]
[White "Rawlinson, Aidan"]
[Black "Hazlehurst, Cory"]
[Result "1/2-1/2"]
[WhiteElo "2173"]
[BlackElo "1960"]
[PlyCount "53"]
[EventDate "2005.04.17"]
[EventType "team"]
[EventRounds "11"]
[EventCountry "ENG"]
[SourceDate "2004.09.21"]

1. e4 c6 2. d4 d5 3. e5 Qb6 4. Nc3 Bf5 5. Bd3 Bxd3 6. Qxd3 e6 7. Nge2 Nd7 8.
O-O Ne7 9. b4 Nf5 10. b5 c5 11. Nxd5 exd5 12. Qxf5 cxd4 13. Nf4 g6 14. Qh3 Nxe5
15. Re1 Bg7 16. Nd3 f6 17. f4 O-O 18. fxe5 fxe5 19. Bh6 e4 20. Bxg7 Kxg7 21.
Ne5 d3+ 22. Kh1 d2 23. Qd7+ Kh8 24. Rf1 Rxf1+ 25. Rxf1 Qf2 26. Nf7+ Kg8 27.
Nh6+ 1/2-1/2

[Event "4NCL/Div3/OXF1 vs. 3CS2"]
[Site "Telford ENG"]
[Date "2005.04.17"]
[Round "8.6"]
[White "Glover, Richard"]
[Black "Smallbone, Kieran"]
[Result "0-1"]
[WhiteElo "1940"]
[BlackElo "2170"]
[PlyCount "74"]
[EventDate "2005.04.17"]
[EventType "team"]
[EventRounds "11"]
[EventCountry "ENG"]
[SourceDate "2004.09.21"]

1. e4 c6 2. Nc3 d5 3. Nf3 dxe4 4. Nxe4 Nf6 5. Nxf6+ exf6 6. Bc4 Be7 7. O-O O-O
8. Re1 Bg4 9. c3 Nd7 10. Be2 Nc5 11. d4 Ne6 12. h3 Bh5 13. Nh4 Bxe2 14. Qxe2 g6
15. Qg4 Qd5 16. Qf3 b5 17. b3 {=} f5 18. Qxd5 cxd5 19. Nf3 Rac8 20. Bb2 Rc7 21.
g3 b4 22. c4 dxc4 23. bxc4 Bf6 24. Rac1 Rfc8 25. c5 Nxc5 26. Rxc5 Rxc5 27. dxc5
Bxb2 28. Re7 a5 29. Ra7 Rxc5 30. Ng5 f4 31. Ne4 Re5 32. Nd6 fxg3 33. Rxf7 Bd4
34. Kg2 gxf2 35. Rc7 Re1 36. Rc8+ Kg7 37. Rc7+ Kh6 0-1

[Event "4NCL/Div3/OXF1 vs. 3CS2"]
[Site "Telford ENG"]
[Date "2005.04.17"]
[Round "8.7"]
[White "Webster, Ian"]
[Black "Compston, Michael"]
[Result "0-1"]
[WhiteElo "2116"]
[BlackElo "1835"]
[PlyCount "96"]
[EventDate "2005.04.17"]
[EventType "team"]
[EventRounds "11"]
[EventCountry "ENG"]
[SourceDate "2004.09.21"]

1. e4 d5 2. d4 dxe4 3. Nc3 Nf6 4. f3 exf3 5. Nxf3 c6 6. Bc4 Bf5 7. O-O e6 8.
Ne5 Bxc2 9. Nxf7 Kxf7 10. Qg4 Qd6 11. Bg5 Nbd7 12. Rae1 Re8 13. Rf2 b5 14. Bb3
Bxb3 15. Ne4 Qd5 16. axb3 Be7 17. Qh5+ Kf8 18. Qh4 Kf7 19. Qh5+ Kf8 {=} 20. Qg4
h6 21. h4 h5 22. Qh3 Kf7 23. Nc3 Qxb3 24. d5 Bc5 25. Be3 Bxe3 26. Rxe3 cxd5 27.
Ne4 Qd1+ 28. Rf1 Qg4 29. Nd6+ Ke7 30. Qh2 Qb4 31. Nf5+ Kf8 32. Nd6 Ke7 33. Nxe8
Rxe8 34. Rfe1 Kf7 35. Qc7 Qc5 36. Qf4 Rc8 37. Kh1 Rc6 38. Rf3 Qc4 39. Qg5 Qg4
40. Rf4 Qxg5 41. hxg5 Kg6 42. gxf6 gxf6 43. g4 Kg5 44. Rb4 hxg4 45. Rxb5 Ne5
46. Rb7 Rc2 47. Ra1 Nf3 48. Rh7 g3 0-1

[Event "4NCL/Div3/PPA2 vs. GUI3"]
[Site "Telford ENG"]
[Date "2005.04.17"]
[Round "8.1"]
[White "Goodger, Martyn"]
[Black "Abayasekera, Roger"]
[Result "1-0"]
[WhiteElo "2161"]
[BlackElo "2210"]
[PlyCount "75"]
[EventDate "2005.04.17"]
[EventType "team"]
[EventRounds "11"]
[EventCountry "ENG"]
[SourceDate "2004.09.21"]

1. e4 c5 2. c3 g6 3. d4 cxd4 4. cxd4 d5 5. e5 Nc6 6. Nc3 Nh6 7. Bb5 Bg7 8. Nge2
O-O 9. O-O Nf5 10. Be3 f6 11. exf6 Bxf6 12. Ba4 Kh8 13. Qd3 Be6 14. Rad1 Bg8
15. g4 Nxe3 16. Qxe3 Qd7 17. h3 a6 18. f4 Qe6 19. Qf3 Qd6 20. Bb3 Rad8 21. Qd3
Be6 22. Kg2 Na5 23. Bc2 Nc4 24. Rb1 b5 25. Ng3 Qb6 26. Nce2 Nd6 27. Qe3 Ne4 28.
Rbd1 Rc8 29. Nxe4 Rxc2 30. Nxf6 exf6 31. f5 gxf5 32. gxf5 Bf7 33. Rd2 Rg8+ 34.
Kh1 Qc7 35. Rg1 Rxg1+ 36. Kxg1 Bh5 37. Qh6 Rxd2 38. Qf8# 1-0

[Event "4NCL/Div3/PPA2 vs. GUI3"]
[Site "Telford ENG"]
[Date "2005.04.17"]
[Round "8.2"]
[White "Anderton, Matthew N"]
[Black "Dignam, Matthew"]
[Result "0-1"]
[WhiteElo "2212"]
[BlackElo "2171"]
[PlyCount "56"]
[EventDate "2005.04.17"]
[EventType "team"]
[EventRounds "11"]
[EventCountry "ENG"]
[SourceDate "2004.09.21"]

1. e4 c5 2. c3 d5 3. exd5 Qxd5 4. d4 Nf6 5. Nf3 e6 6. Bd3 Nc6 7. O-O Be7 8. Be3
O-O 9. c4 Qd7 10. Ne5 Qc7 11. Nxc6 Qxc6 12. Nc3 cxd4 13. Bxd4 Rd8 14. Be5 Nd7
15. Bd4 Nc5 16. Bxc5 Qxc5 17. Qe2 Bd7 18. a3 {=} Bc6 19. Rfd1 b6 20. Be4 Bxe4
21. Nxe4 Qe5 22. b4 Rac8 23. Rac1 Bg5 24. Rxd8+ Rxd8 25. Re1 Be7 26. f3 Qd4+
27. Nf2 Qc3 28. Ne4 Qxa3 0-1

[Event "4NCL/Div3/PPA2 vs. GUI3"]
[Site "Telford ENG"]
[Date "2005.04.17"]
[Round "8.3"]
[White "Retallick, Lloyd"]
[Black "Allinson, Julian"]
[Result "1-0"]
[WhiteElo "2115"]
[BlackElo "2107"]
[PlyCount "51"]
[EventDate "2005.04.17"]
[EventType "team"]
[EventRounds "11"]
[EventCountry "ENG"]
[SourceDate "2004.09.21"]

1. d4 d5 2. c4 dxc4 3. e3 Nf6 4. Bxc4 e6 5. Nf3 c5 6. O-O a6 7. e4 Nxe4 8. d5
Be7 9. dxe6 Qxd1 10. exf7+ Kf8 11. Rxd1 Nd6 12. Be2 Nc6 13. Nc3 Bg4 {=} 14. h3
Bxf3 15. Bxf3 Nd4 16. Bd5 Rd8 17. Be3 Bf6 18. Na4 Rc8 19. Kh1 b5 20. Nxc5 Rxc5
21. Bxd4 Rxd5 22. Bxf6 Rxd1+ 23. Rxd1 gxf6 24. Rxd6 Kxf7 25. Rxa6 Rd8 26. Rb6
1-0

[Event "4NCL/Div3/PPA2 vs. GUI3"]
[Site "Telford ENG"]
[Date "2005.04.17"]
[Round "8.4"]
[White "Punnett, Alan K"]
[Black "Winfridsson, Ola"]
[Result "1/2-1/2"]
[WhiteElo "2120"]
[BlackElo "2080"]
[PlyCount "42"]
[EventDate "2005.04.17"]
[EventType "team"]
[EventRounds "11"]
[EventCountry "ENG"]
[SourceDate "2004.09.21"]

1. d4 Nf6 2. c4 e6 3. g3 Bb4+ 4. Bd2 Qe7 5. Bg2 O-O 6. Nc3 c5 7. Nf3 d6 8. O-O
Nc6 9. d5 Na5 10. b3 exd5 11. Nxd5 Nxd5 12. cxd5 Bxd2 13. Qxd2 b6 14. Rfe1 Ba6
15. Qc3 f5 16. Rac1 Rae8 17. Nd2 Qf7 18. f4 Bxe2 19. Ne4 fxe4 20. Rxe2 Qxd5 21.
Rce1 Qh5 1/2-1/2

[Event "4NCL/Div3/PPA2 vs. GUI3"]
[Site "Telford ENG"]
[Date "2005.04.17"]
[Round "8.5"]
[White "McCorry, Rob"]
[Black "Cullen, Anthony P"]
[Result "1-0"]
[WhiteElo "2065"]
[BlackElo "2125"]
[PlyCount "105"]
[EventDate "2005.04.17"]
[EventType "team"]
[EventRounds "11"]
[EventCountry "ENG"]
[SourceDate "2004.09.21"]

1. d4 Nf6 2. Bg5 e6 3. Nf3 d5 4. e3 h6 5. Bh4 Be7 6. c4 O-O 7. Nc3 b6 8. Rc1
Ba6 9. b3 Nbd7 10. Bd3 Rc8 11. O-O c5 12. cxd5 Bxd3 13. Qxd3 exd5 14. Rfd1 c4
15. bxc4 dxc4 16. Qc2 a6 17. a4 Qc7 18. e4 g5 19. Bg3 Qb7 20. Rb1 Rfe8 21. h4
Nh5 22. hxg5 Nxg3 23. fxg3 hxg5 24. e5 Nf8 25. Qf5 Qd7 26. Qe4 Rc6 27. Nd5 Bd8
28. Ne3 Rg6 29. Nxc4 Qxa4 30. Qd5 Bc7 31. Ne3 Rd8 32. Qb7 Rd7 33. Qe4 Ne6 34.
Ra1 Qb5 35. Qa8+ Rd8 36. Qxa6 Qb3 37. Ng4 Kg7 38. Qb7 Rb8 39. Qe4 b5 40. Rab1
Qa4 41. Ne3 Bb6 42. Nf5+ Kf8 43. Qd5 Rd8 44. Qxb5 Qxb5 45. Rxb5 Ba7 46. Rb7 Bb8
47. Ne7 g4 48. Nxg6+ fxg6 49. Nh4 Nxd4 50. Nxg6+ Kg8 51. Rxd4 Rxd4 52. Rxb8+
Kf7 53. Nf4 1-0

[Event "4NCL/Div3/PPA2 vs. GUI3"]
[Site "Telford ENG"]
[Date "2005.04.17"]
[Round "8.6"]
[White "Jones, Christopher"]
[Black "Bailey, Kevin"]
[Result "1/2-1/2"]
[WhiteElo "2119"]
[BlackElo "2135"]
[PlyCount "52"]
[EventDate "2005.04.17"]
[EventType "team"]
[EventRounds "11"]
[EventCountry "ENG"]
[SourceDate "2004.09.21"]

1. d4 d5 2. Nc3 Nf6 3. Bg5 Nbd7 4. e3 c6 5. Nf3 Qb6 6. Rb1 e6 7. Bd3 Bd6 8. Bh4
Qc7 9. e4 dxe4 10. Bxe4 O-O 11. O-O e5 12. dxe5 Bxe5 13. Nxe5 Qxe5 14. Re1 Qh5
15. Qxh5 Nxh5 16. Rbd1 Nc5 17. Bxh7+ Kxh7 18. Re5 Nf4 19. Rxc5 Be6 20. Bg3 Nd5
21. Ne4 Rfe8 22. c4 Nb6 23. Rh5+ Kg8 24. Rg5 Kh7 25. Rh5+ Kg8 26. Rg5 Kh7
1/2-1/2

[Event "4NCL/Div3/PPA2 vs. GUI3"]
[Site "Telford ENG"]
[Date "2005.04.17"]
[Round "8.7"]
[White "Sirisena, Chantal"]
[Black "Smart, Michael R"]
[Result "1/2-1/2"]
[WhiteElo "1927"]
[BlackElo "2070"]
[PlyCount "81"]
[EventDate "2005.04.17"]
[EventType "team"]
[EventRounds "11"]
[EventCountry "ENG"]
[SourceDate "2004.09.21"]

1. e4 Nf6 2. e5 Nd5 3. d4 d6 4. c4 Nb6 5. exd6 cxd6 6. Nc3 g6 7. Be3 Bg7 8. Rc1
O-O 9. b3 Nc6 10. d5 Ne5 11. Be2 e6 12. f4 exd5 13. fxe5 Bxe5 14. Nxd5 Nxd5 15.
cxd5 Re8 16. Qd2 Bg4 17. Nf3 Bxf3 18. Bxf3 Bf4 19. Rc3 Qa5 20. Kd1 Be5 21. Rc4
Qb5 22. Bd4 a5 23. Bxe5 Rxe5 24. Re1 Rxe1+ 25. Qxe1 Re8 26. Qc3 a4 27. Qb4 Qd7
28. Re4 Rxe4 29. Qxe4 axb3 30. axb3 Qb5 31. Qc4 Qb6 32. Kc2 Qf2+ 33. Kd3 Qf1+
34. Kd2 Qf2+ 35. Qe2 Qd4+ 36. Kc2 Qc5+ 37. Kb2 Qd4+ 38. Kc2 Qc5+ {=} 39. Qc4
Qf2+ 40. Kc3 Qe3+ 41. Kb4 1/2-1/2

[Event "4NCL/Div3/PPA2 vs. GUI3"]
[Site "Telford ENG"]
[Date "2005.04.17"]
[Round "8.8"]
[White "Morris, Claire H"]
[Black "Zhou, Quan"]
[Result "1-0"]
[WhiteElo "1910"]
[BlackElo "1750"]
[PlyCount "87"]
[EventDate "2005.04.17"]
[EventType "team"]
[EventRounds "11"]
[EventCountry "ENG"]
[SourceDate "2004.09.21"]

1. e4 c5 2. Nf3 Nc6 3. d4 cxd4 4. Nxd4 Nf6 5. Nc3 e5 6. Ndb5 d6 7. Bg5 a6 8.
Na3 b5 9. Nd5 Qa5+ 10. Bd2 Qd8 11. Bg5 Qa5+ 12. Bd2 Qd8 13. Nxf6+ Qxf6 14. c3
Qg6 15. Qf3 Bg4 16. Qd3 Be6 17. Nc2 d5 18. exd5 Qxd3 19. Bxd3 Bxd5 20. Ne3 Be6
21. Be4 Rc8 22. a4 Na5 23. axb5 Nb3 24. Rxa6 Nc5 25. Bc6+ Bd7 26. Bxd7+ Kxd7
27. Ra7+ Rc7 28. Rxc7+ Kxc7 29. Ke2 Nb3 30. c4 Bc5 31. Rd1 Ra8 32. Nd5+ Kb7 33.
Be3 Ra2 34. Bxc5 Rxb2+ 35. Ke3 Nxc5 36. Rd2 Rb3+ 37. Ke2 e4 38. Kd1 Nd3 39. Kc2
Ra3 40. Nc3 Kb6 41. Nxe4 Nb4+ 42. Kb2 Ra2+ 43. Kc3 Rxd2 44. Nxd2 1-0

[Event "4NCL/Div3/AD2 vs. CAMB1"]
[Site "Telford ENG"]
[Date "2005.04.17"]
[Round "8.1"]
[White "Graham, David B"]
[Black "Dearing, Eddie"]
[Result "0-1"]
[WhiteElo "2238"]
[BlackElo "2408"]
[PlyCount "130"]
[EventDate "2005.04.17"]
[EventType "team"]
[EventRounds "11"]
[EventCountry "ENG"]
[SourceDate "2004.09.21"]

1. e4 g6 2. d4 Bg7 3. Nc3 c6 4. Be2 d6 5. Nf3 Nf6 6. O-O O-O 7. a4 Nbd7 8. e5
Ne8 9. Bg5 dxe5 10. dxe5 Nc7 11. Bc4 h6 12. Bh4 Nxe5 13. Nxe5 Bxe5 14. Qxd8
Rxd8 15. Bxe7 Re8 16. Bc5 Bf5 17. Bb3 Ne6 18. Be3 Nd4 19. Bxh6 Nxc2 20. Bxc2
Bxc2 21. Be3 a5 22. Rfc1 Bb3 23. Ra3 Be6 24. Rd1 f5 25. g3 Red8 26. Bb6 Rxd1+
27. Nxd1 Ra6 28. Bc5 Kf7 29. Rd3 b5 30. axb5 cxb5 31. Nc3 b4 32. Na4 Rc6 33.
Bb6 Bxb2 34. Bxa5 Ba3 35. Bb6 Bc4 36. Rd7+ Ke8 37. Rc7 Rxc7 38. Bxc7 Kd7 39.
Be5 Kc6 40. Nb2 Bd5 41. Kf1 Bf3 42. Ke1 Kd5 43. Bg7 b3 44. Kd2 Bc5 45. Kc3 Bxf2
46. Nd3 Bg1 47. Nf4+ Ke4 48. Nxg6 Bd1 49. Kd2 Bh5 50. Nf4 Bf7 51. h4 Bf2 52.
Ne2 Kf3 53. Be5 Bc4 54. Nc3 Be3+ 55. Kd1 Bd3 56. h5 b2 57. Bg7 Kxg3 58. h6 f4
59. h7 Bxh7 60. Ne2+ Kf2 61. Bxb2 Bc2+ 62. Kxc2 Kxe2 63. Be5 f3 64. Bg3 Bd2 65.
Bh4 Be1 0-1

[Event "4NCL/Div3/AD2 vs. CAMB1"]
[Site "Telford ENG"]
[Date "2005.04.17"]
[Round "8.2"]
[White "Hon, Andrew"]
[Black "Broom, Mark"]
[Result "0-1"]
[WhiteElo "2210"]
[BlackElo "2193"]
[PlyCount "68"]
[EventDate "2005.04.17"]
[EventType "team"]
[EventRounds "11"]
[EventCountry "ENG"]
[SourceDate "2004.09.21"]

1. e4 e5 2. Nc3 Nf6 3. Bc4 Bb4 4. f4 Nc6 5. fxe5 Nxe5 6. Bb3 O-O 7. Nf3 d6 8.
d3 Bg4 9. O-O Bxc3 10. bxc3 d5 11. Qe1 Nxf3+ 12. gxf3 Bh3 13. Rf2 Re8 14. Qe3
a5 15. a4 Ra6 16. Ba3 Rc6 17. Kh1 Rxc3 18. Rg1 dxe4 19. fxe4 Rxb3 20. cxb3 Ng4
21. Rxg4 Bxg4 22. Rg2 Bh5 23. Qg5 Bg6 24. Qg3 Rxe4 25. h3 Rd4 26. Bb2 Rxd3 27.
Qg4 Rd1+ 28. Kh2 Qd6+ 29. Qg3 Qxg3+ 30. Kxg3 Rd3+ 31. Kh2 Rxb3 32. Be5 c6 33.
h4 f6 34. Bc7 Rb4 0-1

[Event "4NCL/Div3/AD2 vs. CAMB1"]
[Site "Telford ENG"]
[Date "2005.04.17"]
[Round "8.3"]
[White "Wallace, Paul"]
[Black "Valden, Petros"]
[Result "1-0"]
[WhiteElo "2172"]
[BlackElo "2185"]
[PlyCount "83"]
[EventDate "2005.04.17"]
[EventType "team"]
[EventRounds "11"]
[EventCountry "ENG"]
[SourceDate "2004.09.21"]

1. e4 c5 2. Nc3 Nc6 3. Nf3 e6 4. d4 cxd4 5. Nxd4 Nf6 6. Ndb5 d6 7. Bf4 e5 8.
Bg5 a6 9. Na3 b5 10. Nd5 Be7 11. Bxf6 Bxf6 12. c3 O-O 13. Nc2 Bg5 14. Bd3 g6
15. a4 bxa4 16. Rxa4 a5 17. Bc4 Rb8 18. b3 Kh8 19. O-O f5 20. exf5 gxf5 21. f4
Bh6 22. Qh5 Bg7 23. Nce3 Bd7 24. Ra2 Qe8 25. Qh3 exf4 26. Rxf4 Ne5 27. Bf1 Ng6
28. Bc4 Nxf4 29. Nxf4 Bxc3 30. Re2 Be5 31. Ned5 a4 32. Nc7 Qc8 33. Ng6+ Kg7 34.
Nxe5 dxe5 35. Qg3+ Kh6 36. Nd5 Qc5+ 37. Kf1 Rg8 38. Qh4+ Kg6 39. Qf6+ Kh5 40.
Rxe5 Qf8 41. Be2+ Rg4 42. Nf4# 1-0